[Event "Kaluga Tsiolkovsky Memorial op"]
[Site "Kaluga"]
[Date "2016.08.13"]
[Round "7"]
[White "Shirokov, Vecheslav"]
[Black "Bregman, Ilya"]
[Result "1/2-1/2"]
[WhiteElo "2046"]
[BlackElo "1713"]
[PlyCount "94"]
[EventDate "2016.08.06"]
[EventType "swiss"]
[EventRounds "9"]
[EventCountry "RUS"]
[SourceTitle "CBM 174 Extra"]
[Source "ChessBase"]
[SourceDate "2016.10.10"]
[SourceVersion "1"]
[SourceVersionDate "2016.10.10"]
[SourceQuality "1"]

1. f4 d5 2. Nf3 c5 3. e3 Nf6 4. d4 g6 5. c3 c4 6. b3 cxb3 7. axb3 Bg7 8. Bd3 Nc6 9. 0-0 0-0 10. Ba3 Re8 11. Nbd2 Ng4 12. Qe2 f6 13. h3 Nh6 14. e4 e5 15. fxe5 fxe5 16. exd5 exd4 17. Ne4 Ne5 18. Nxe5 Bxe5 19. c4 Nf5 20. Qf3 Qc7 21. d6 Qg7 22. Rae1 Bd7 23. g4 Ne3 24. Rf2 Rf8 25. Qe2 Rxf2 26. Nxf2 Qf6 27. Bc1 Qf4 28. Bxe3 Qh2+ 29. Kf1 Rf8 30. Be4 Qxh3+ 31. Bg2 Qxe3 32. Qxe3 dxe3 33. Rxe3 Bd4 34. Rf3 b6 35. g5 a5 36. Ne4 Rxf3+ 37. Bxf3 Bc6 38. Nf6+ Bxf6 39. gxf6 Bd7 40. Bd5+ Kf8 41. Kf2 g5 42. Ke3 h5 43. Ke4 h4 44. Kf3 g4+ 45. Kg2 g3 46. Kf3 Ke8 47. Kg2 Kf8 1/2-1/2

[Event "Kaluga Tsiolkovsky Memorial op"]
[Site "Kaluga"]
[Date "2016.08.11"]
[Round "6"]
[White "Bilan, Danila"]
[Black "Shirokov, Vecheslav"]
[Result "1-0"]
[WhiteElo "2244"]
[BlackElo "2046"]
[PlyCount "65"]
[EventDate "2016.08.06"]
[EventType "swiss"]
[EventRounds "9"]
[EventCountry "RUS"]
[SourceTitle "CBM 174 Extra"]
[Source "ChessBase"]
[SourceDate "2016.10.10"]
[SourceVersion "1"]
[SourceVersionDate "2016.10.10"]
[SourceQuality "1"]

1. d4 d5 2. Nf3 Nf6 3. c4 c6 4. e3 Nbd7 5. Nbd2 e6 6. b3 Bd6 7. Bb2 0-0 8. Bd3 Re8 9. Ne5 Bb4 10. 0-0 h6 11. f4 Bxd2 12. Qxd2 Ne4 13. Bxe4 dxe4 14. Qc3 f5 15. Rfd1 Nf6 16. b4 Qc7 17. a4 b6 18. b5 Bb7 19. bxc6 Bxc6 20. d5 Bd7 21. d6 Qb7 22. g4 fxg4 23. Nxg4 Rf8 24. Rd2 Be8 25. Rg2 Nxg4 26. Rxg4 Rf7 27. Kf2 Rd8 28. Rag1 Rdd7 29. Qe5 Kf8 30. Qxe6 Qc6 31. Rxg7 Rxg7 32. Bxg7+ Rxg7 33. Qf6+ 1-0

[Event "Kaluga Tsiolkovsky Memorial op"]
[Site "Kaluga"]
[Date "2016.08.10"]
[Round "5"]
[White "Shirokov, Vecheslav"]
[Black "Tereschenko, Valerij"]
[Result "1-0"]
[WhiteElo "2046"]
[BlackElo "1958"]
[PlyCount "75"]
[EventDate "2016.08.06"]
[EventType "swiss"]
[EventRounds "9"]
[EventCountry "RUS"]
[SourceTitle "CBM 174 Extra"]
[Source "ChessBase"]
[SourceDate "2016.10.10"]
[SourceVersion "1"]
[SourceVersionDate "2016.10.10"]
[SourceQuality "1"]

1. f4 d5 2. Nf3 Nf6 3. e3 g6 4. d4 Bg7 5. b4 a5 6. b5 c5 7. c3 Bf5 8. Ba3 c4 9. Nbd2 Nbd7 10. Nh4 Be4 11. Nxe4 Nxe4 12. Qc2 0-0 13. Nf3 Ndf6 14. Ne5 Re8 15. Be2 Nd7 16. Bf3 Nxe5 17. fxe5 Ng5 18. 0-0 f6 19. exf6 exf6 20. Rae1 f5 21. g3 Qd7 22. Qb1 Re6 23. Bc1 a4 24. Bg2 Rb6 25. h4 Ne4 26. Bxe4 fxe4 27. Qc2 Qxb5 28. Ba3 Qd7 29. Kg2 Bf8 30. Bxf8 Rxf8 31. Rxf8+ Kxf8 32. Rf1+ Kg7 33. Qf2 Qe7 34. a3 Rb3 35. h5 Rxc3 36. Qf4 g5 37. Qf5 Rxe3 38. h6+ 1-0

[Event "Kaluga Tsiolkovsky Memorial op"]
[Site "Kaluga"]
[Date "2016.08.06"]
[Round "1"]
[White "Shirokov, Vecheslav"]
[Black "Naibov, Fizuli"]
[Result "1-0"]
[WhiteElo "2046"]
[BlackElo "1608"]
[PlyCount "41"]
[EventDate "2016.08.06"]
[EventType "swiss"]
[EventRounds "9"]
[EventCountry "RUS"]
[SourceTitle "CBM 174 Extra"]
[Source "ChessBase"]
[SourceDate "2016.10.10"]
[SourceVersion "1"]
[SourceVersionDate "2016.10.10"]
[SourceQuality "1"]

1. f4 Nf6 2. Nf3 Nc6 3. e3 d5 4. d4 a6 5. c4 e6 6. Nc3 Bb4 7. Bd3 0-0 8. 0-0 h6 9. Qc2 Be7 10. a3 Ne8 11. b4 dxc4 12. Bxc4 b5 13. Bd3 Bb7 14. Bb2 f5 15. Rad1 Qc8 16. d5 Nd8 17. Ne5 Bd6 18. e4 Bxe5 19. fxe5 fxe4 20. Bxe4 exd5 21. Bh7+ 1-0

[Event "Kaluga Tsiolkovsky Memorial op"]
[Site "Kaluga"]
[Date "2013.08.11"]
[Round "9"]
[White "Martynyuk, Elizaveta"]
[Black "Shirokov, Vecheslav"]
[Result "1/2-1/2"]
[WhiteElo "1972"]
[BlackElo "2078"]
[PlyCount "54"]
[EventDate "2013.08.03"]
[EventType "swiss"]
[EventRounds "9"]
[EventCountry "RUS"]
[SourceTitle "CBM 156 Extra"]
[Source "ChessBase"]
[SourceDate "2013.10.22"]
[SourceVersion "1"]
[SourceVersionDate "2013.10.22"]
[SourceQuality "1"]

1. e4 c5 2. Nf3 Nc6 3. d4 cxd4 4. Nxd4 e5 5. Nb5 a6 6. Nd6+ Bxd6 7. Qxd6 Qf6 8. Qxf6 Nxf6 9. Nc3 d5 10. exd5 Nb4 11. Bd3 Nxd3+ 12. cxd3 Bf5 13. 0-0 0-0-0 14. Bg5 Bxd3 15. Rfd1 Bf5 16. Bxf6 gxf6 17. f3 Bg6 18. Na4 Rd6 19. Rac1+ Kb8 20. Kf2 f5 21. Nc3 f6 22. f4 e4 23. Ke3 Rhd8 24. Rd4 h5 25. Rd2 Bf7 26. Rd4 Rc8 27. Rdd1 b6 1/2-1/2

[Event "Kaluga Tsiolkovsky Memorial op"]
[Site "Kaluga"]
[Date "2013.08.09"]
[Round "7"]
[White "Sidorov, Klim"]
[Black "Shirokov, Vecheslav"]
[Result "1/2-1/2"]
[WhiteElo "1926"]
[BlackElo "2078"]
[PlyCount "103"]
[EventDate "2013.08.03"]
[EventType "swiss"]
[EventRounds "9"]
[EventCountry "RUS"]
[SourceTitle "CBM 156 Extra"]
[Source "ChessBase"]
[SourceDate "2013.10.22"]
[SourceVersion "1"]
[SourceVersionDate "2013.10.22"]
[SourceQuality "1"]

1. d4 d5 2. c4 c6 3. Nf3 Nf6 4. Nc3 Nbd7 5. e3 e6 6. Bd3 dxc4 7. Bxc4 b5 8. Bd3 a6 9. e4 Bb7 10. Bg5 Be7 11. e5 Nd5 12. Bxe7 Nxc3 13. Bxd8 Nxd1 14. Rxd1 Rxd8 15. b4 a5 16. bxa5 Ra8 17. 0-0 Rxa5 18. Rd2 Ke7 19. Ng5 c5 20. dxc5 Nxc5 21. Bb1 h6 22. Rc1 Rc8 23. Rdc2 b4 24. Nh3 Rd8 25. f3 Na6 26. Rb2 Rxe5 27. a3 Rb5 28. axb4 Rxb4 29. Rxb4 Nxb4 30. Rc7+ Rd7 31. Rxd7+ Kxd7 32. Kf2 Kd6 33. Nf4 g5 34. Nd3 Nxd3+ 35. Bxd3 Ke5 36. Bb5 f5 37. Ke3 h5 38. Be8 h4 39. Bb5 Bd5 40. Ba6 f4+ 41. Kf2 Kd4 42. Bc8 e5 43. Bd7 Bc4 44. Bf5 Bd3 45. Bd7 Bg6 46. Bc8 Bh5 47. Bf5 Be8 48. Be6 Bc6 49. Bc8 e4 50. fxe4 Bxe4 51. Bd7 Bc2 52. g3 1/2-1/2

[Event "Kaluga Tsiolkovsky Memorial op"]
[Site "Kaluga"]
[Date "2013.08.05"]
[Round "3"]
[White "Shirokov, Vecheslav"]
[Black "Tarasov, Igor"]
[Result "0-1"]
[WhiteElo "2078"]
[BlackElo "2289"]
[PlyCount "42"]
[EventDate "2013.08.03"]
[EventType "swiss"]
[EventRounds "9"]
[EventCountry "RUS"]
[SourceTitle "CBM 156 Extra"]
[Source "ChessBase"]
[SourceDate "2013.10.22"]
[SourceVersion "1"]
[SourceVersionDate "2013.10.22"]
[SourceQuality "1"]

1. f4 d5 2. Nf3 g6 3. e3 Bg7 4. d4 Bf5 5. Bd3 Nh6 6. 0-0 0-0 7. c4 e6 8. Nc3 c6 9. h3 Bxd3 10. Qxd3 Nf5 11. Kh2 Nd7 12. c5 b6 13. b4 a5 14. Ba3 axb4 15. Bxb4 bxc5 16. dxc5 Qc7 17. Nd4 Rfb8 18. Rab1 Bf8 19. e4 Nxc5 20. Qe2 Nxd4 21. Qd2 Bg7 0-1

[Event "CFO-chT"]
[Site "Kaluga"]
[Date "2012.11.04"]
[Round "5.1"]
[White "Shirokov, Vecheslav"]
[Black "Ganzhin, Mikhail"]
[Result "1/2-1/2"]
[WhiteElo "2077"]
[BlackElo "1921"]
[PlyCount "78"]
[EventDate "2012.10.31"]
[EventType "swiss"]
[EventRounds "9"]
[EventCountry "RUS"]
[SourceTitle "EXT 2014"]
[Source "ChessBase"]
[SourceDate "2013.11.20"]
[SourceVersion "1"]
[SourceVersionDate "2013.11.20"]
[SourceQuality "1"]

1. d4 Nf6 2. e3 g6 3. Bd3 Bg7 4. c4 0-0 5. Nc3 d6 6. Nge2 e5 7. d5 Nbd7 8. Bc2 Ne8 9. e4 Nb6 10. b3 f5 11. 0-0 f4 12. f3 g5 13. g4 h5 14. h3 Nf6 15. Rf2 Kf7 16. Ba3 Rh8 17. Kf1 hxg4 18. hxg4 Bxg4 19. Ng1 Bh3+ 20. Ke2 g4 21. Nxh3 Rxh3 22. Kd2 Qd7 23. Qe2 Rah8 24. Rg1 g3 25. Rfg2 Nc8 26. c5 Bf8 27. Qc4 Ne7 28. cxd6 cxd6 29. Bxd6 Qxd6 30. Nb5 Qb6 31. d6+ Ned5 32. exd5 Qe3+ 33. Kd1 Qxf3+ 34. Kc1 Qg4 35. Qc7+ Nd7 36. Be4 Kf6 37. Qd8+ Kf7 38. Bf3 Qf5 39. Be4 Qg4 1/2-1/2

[Event "CFO-chT"]
[Site "Kaluga"]
[Date "2012.10.31"]
[Round "1.1"]
[White "Shirokov, Vecheslav"]
[Black "Pogosian, Georgy"]
[Result "0-1"]
[WhiteElo "2077"]
[BlackElo "2285"]
[PlyCount "120"]
[EventDate "2012.10.31"]
[EventType "swiss"]
[EventRounds "9"]
[EventCountry "RUS"]
[SourceTitle "EXT 2014"]
[Source "ChessBase"]
[SourceDate "2013.11.20"]
[SourceVersion "1"]
[SourceVersionDate "2013.11.20"]
[SourceQuality "1"]

1. f4 d5 2. Nf3 c5 3. e3 a6 4. d4 Bg4 5. Be2 Nc6 6. 0-0 e6 7. c3 Nf6 8. Nbd2 Bd6 9. Ne5 Bxe2 10. Qxe2 0-0 11. Qf3 Rc8 12. g4 Bxe5 13. fxe5 Nd7 14. Qg3 f6 15. exf6 Rxf6 16. Nf3 Qe7 17. Bd2 Rcf8 18. Rae1 Qf7 19. Kg2 Qg6 20. Rf2 Qe4 21. Ref1 Qd3 22. Bc1 h6 23. h3 Qe4 24. Kg1 e5 25. Nh4 Rxf2 26. Rxf2 Rxf2 27. Qxf2 cxd4 28. cxd4 exd4 29. exd4 Nxd4 30. Be3 Nc2 31. Bd2 Ne5 32. Qf4 Qxf4 33. Bxf4 Nd3 34. Bd2 Nxb2 35. Nf5 d4 36. Kf1 Nc4 37. Ke2 Nxd2 38. Kxd2 Nb4 39. a3 Nc6 40. Nd6 b5 41. Kd3 g6 42. Ke4 Kf8 43. Kd5 d3 44. Ne4 Na5 45. Kd4 Nc4 46. Kxd3 Nxa3 47. Nc5 a5 48. Nb3 Nc4 49. Nd4 Nd6 50. Nc6 a4 51. Kd4 a3 52. Nb4 Ke7 53. Kc5 Ne4+ 54. Kxb5 Nf2 55. Ka4 Nxh3 56. Kxa3 Kf6 57. Nd5+ Kg5 58. Kb3 Kxg4 59. Kc3 Nf4 60. Ne7 h5 0-1

[Event "CFO-ch Seniors"]
[Site "Kaluga"]
[Date "2011.03.11"]
[Round "?"]
[White "Shirokov, Vecheslav"]
[Black "Khozhanov, Khazhanurat"]
[Result "1-0"]
[WhiteElo "2094"]
[BlackElo "1953"]
[PlyCount "73"]
[EventDate "2011.03.05"]
[EventType "swiss"]
[EventRounds "9"]
[EventCountry "RUS"]
[SourceTitle "CBM 141 Extra"]
[Source "ChessBase"]
[SourceDate "2011.05.03"]
[SourceVersion "1"]
[SourceVersionDate "2011.05.03"]
[SourceQuality "1"]

1. f4 c5 2. Nf3 Nf6 3. e3 d5 4. b3 g6 5. Bb2 Bg7 6. Be2 0-0 7. 0-0 Nc6 8. Ne5 Qc7 9. Nxc6 Qxc6 10. Bf3 Bf5 11. d3 Qd7 12. Qe2 Rad8 13. Nd2 Bg4 14. Rae1 Bxf3 15. Qxf3 e6 16. g4 Ne8 17. Bxg7 Nxg7 18. Re2 f5 19. h3 fxg4 20. hxg4 e5 21. Qg3 exf4 22. exf4 Ne6 23. Re5 Nd4 24. c3 Nc6 25. Re2 Rde8 26. Rfe1 Rxe2 27. Rxe2 Re8 28. Rxe8+ Qxe8 29. Kf2 Kg7 30. Qf3 Qf7 31. Nf1 d4 32. c4 g5 33. Ng3 gxf4 34. Nf5+ Kh8 35. Qxf4 Qf6 36. Qc7 Qf8 37. Qxb7 1-0

[Event "CFO-ch Seniors"]
[Site "Kaluga"]
[Date "2011.03.09"]
[Round "?"]
[White "Oreshenkov, Viktor"]
[Black "Shirokov, Vecheslav"]
[Result "1-0"]
[WhiteElo "1928"]
[BlackElo "2094"]
[PlyCount "103"]
[EventDate "2011.03.05"]
[EventType "swiss"]
[EventRounds "9"]
[EventCountry "RUS"]
[SourceTitle "CBM 141 Extra"]
[Source "ChessBase"]
[SourceDate "2011.05.03"]
[SourceVersion "1"]
[SourceVersionDate "2011.05.03"]
[SourceQuality "1"]

1. d4 d5 2. c4 c6 3. Nf3 Nf6 4. Nc3 Nbd7 5. e3 e6 6. Bd3 Bd6 7. e4 dxe4 8. Nxe4 Nxe4 9. Bxe4 Nf6 10. Bc2 0-0 11. 0-0 c5 12. Bg5 h6 13. Bh4 cxd4 14. Qxd4 Be7 15. Bxf6 Bxf6 16. Qe4 g6 17. Ne5 Kg7 18. Nxg6 Rg8 19. Ne5 Qc7 20. Qh7+ Kf8 21. Ng6+ Rxg6 22. Bxg6 Bg7 23. Bc2 Bd7 24. Rad1 Bc6 25. b4 a6 26. Qd3 Qe5 27. Qd6+ Qxd6 28. Rxd6 Ke7 29. Rdd1 Bc3 30. a3 Rg8 31. f3 e5 32. h3 Rg5 33. Rb1 f5 34. b5 axb5 35. cxb5 Bd5 36. Bb3 Kd6 37. Bxd5 Kxd5 38. f4 Bd4+ 39. Kh1 exf4 40. Rxf4 Be3 41. Rf3 f4 42. a4 Rg8 43. g3 Ke4 44. Kg2 Rc8 45. gxf4 Rc2+ 46. Kg3 Bd2 47. f5 Rc8 48. f6 Rg8+ 49. Kf2 b6 50. f7 Rf8 51. Rg1 Bg5 52. Re1+ 1-0